000 00714nam a2200229 4500
003 MX-MxINE
005 20260601171022.0
008 260520b1970\\\\ag\a||||\||||\00|\0\spa\d
040 _aICI
_bspa
_cICI
_erda
041 _aspa
050 _aL7
_bR47
100 1 _aGrichener, Silvo
_eDirector
_934732
245 _aEducación/
_cSilvo Grichener, arq.
264 _aBuenos Aires:
_bStandard S.R.L.,
_c1970
300 _a32 páginas :
_bilustraciones
336 _2rdacontent
_atexto
337 _2rdamedia
_asin medio
338 _2rdacarrier
_avolumen
500 _aPublicación periódica especializada en educación y pedagogía.
650 _aEducación
_v Publicaciones periódicas.
_934733
942 _2lcc
_n1
_cB
999 _c20913
_d20913